00576nam a2200157 a 450000100100000000500170001000800410002704000250006824500130009326000940010630000340020050000530023404900090028795201050029699900170040100002827220200930031509.0110407s1974 dr ac 000 0 spa d aDO-SdBNPbspacBNPHU00aJudo. /. aSanto Domingo, :bSecretaría de Estado de Educación, Bellas Artes y Cultos,c[1974?]. a28 p. :bil. retrs. ;c18 cm. aCortesía de la Federación Española de Judo aBNPD 0010718PDaPDbPDcCTd2011-04-07iLF1l0o p28272-10r2020-06-25w2020-06-25yLFPDZNo se presta c27764d27764